LEADER 01160nam a2200265 a 4500 001 000000154365 003 CaOOAMICUS 005 20160928114800.0 008 160928s2004 it u000 u ita r 020 $a88-348-4467-X* 032 $aLibriCat 040 $aPUL$bita 100 1 $aDi Stasi, Angela.$0(OLS)http://pul/name/87145 245 13$aIl sistema americano dei diritti umani :$bcircolazione e mutamento di una international legal tradition /$cAngela Di Stasi. 260 $aTorino :$bG. Giappichelli,$c©2004. 300 $aXV, 431 p. ;$c24 cm. 504 $aBibliografia p. [361]-431. 650 4$aDiritti umani$zStati Uniti.$0(OLS)http://pul/subject/29735 850 $aPUL 852 $aPUL$W1$xDP1 Fondo G. Barberini$y122$m4 G 95$j177431$qFondi$B180401$CPULBib$Z2$F180401 $HBar1283 $81 941 1 $a1 996 $6020$a88-348-4467-X*$9(OLS)http://pul/number/161179 996 $6245$aIl sistema americano dei diritti umani :$bcircolazione e mutamento di una international legal tradition$9(OLS)http://pul/title/193970 996 $6260$aTorino :$bG. Giappichelli$9(OLS)http://pul/publisher/49130 LEADER 00966nam a2200265 a 4500 001 000000167813 003 CaOOAMICUS 005 20180522141304.0 008 180522s2003 it u000 u ita r 020 $a88-17-86775-6* 032 $aLibriCat 040 $aPUL$bita 100 1 $aBianchi, Enzo,$d1943-$0(OLS)http://pul/name/26766 245 10$aCristiani nella societą / $cEnzo Bianchi . 260 $aMilano :$bRizzoli,$c2003. 300 $a194 p. ; $c23 cm. 490 1 $aLa Scala 700 1 $aTentori Montalto, Francesco.$0(OLS)http://pul/name/88067 850 $aPUL 852 $aPUL$W1$xDP1 Fondo Dalla Palma$y117$m3 E 73$j166666$qFondi$B195545$CPULBib$Z2$F195545 $HDal1862 $81 941 1 $a1 996 $6020$a88-17-86775-6*$9(OLS)http://pul/number/164131 996 $6245$aCristiani nella societą / $9(OLS)http://pul/title/207936 996 $6260$aMilano :$bRizzoli$9(OLS)http://pul/publisher/48712